Statistics for AFL MVP Award Winners

Click here to take the quiz!

General Stats

  • This quiz has been taken 287 times
    (278 since last reset)
  • The average score is 13 of 31

Answer Stats

YearWinner% Correct
2012Gary Ablett Jr
94%
2011Chris Judd
81%
2006Chris Judd
81%
2009Gary Ablett Jr
81%
2008Gary Ablett Jr
81%
2007Gary Ablett Jr
81%
1993Gary Ablett Sr
80%
2010Dane Swan
78%
2002Luke Darcy Michael Voss
61%
2005Ben Cousins
60%
2003Michael Voss
57%
1987Tony Lockett
55%
1992Jason Dunstall
46%
1997Robert Harvey
46%
1998Wayne Carey
44%
1995Wayne Carey
44%
1982Leigh Matthews
37%
1999Shane Crawford
35%
2001Andrew Mcleod
24%
1991Jim Stynes
22%
2004Nick Riewoldt
22%
1989Tim Watson
20%
1996Corey McKernan
13%
1988Gerard Healy
13%
2000Anthony Koutoufides
11%
1983Terry Daniher
6%
1994Greg Williams
5%
1985Greg Williams
5%
1986Paul Roos
5%
1990Darren Millane
3%
1984Russell Greene
3%

Score Distribution

Percentile by Number Answered

Percent of People with Each Score

Your Score History

You have not taken this quiz since the last reset